Statistics for Countries by the liberal democracy index

Click here to take the quiz!

General Stats

  • This quiz has been taken 83 times
    (20 since last reset)
  • The average score is 60 of 174

Answer Stats

ScoreCountry% Correct
0.016MyanmarM
100%
0.015North KoreaN
100%
0.010EritreaE
90%
0.030AfghanistanA
80%
0.027NicaraguaN
70%
0.773AustriaA
60%
0.036BelarusB
60%
0.814BelgiumB
60%
0.816Costa RicaC
60%
0.883DenmarkD
60%
0.845EstoniaE
60%
0.820FinlandF
60%
0.810FranceF
60%
0.812GermanyG
60%
0.831IrelandI
60%
0.768LatviaL
60%
0.798LuxembourgL
60%
0.800NetherlandsN
60%
0.831New ZealandN
60%
0.836NorwayN
60%
0.137OmanO
60%
0.852SwedenS
60%
0.844SwitzerlandS
60%
0.041TajikistanT
60%
0.036TurkmenistanT
60%
0.772United StatesU
60%
0.055VenezuelaV
60%
0.048YemenY
60%
0.804AustraliaA
50%
0.805CzechiaC
50%
0.066HaitiH
50%
0.678JamaicaJ
50%
0.731JapanJ
50%
0.735LithuaniaL
50%
0.751PortugalP
50%
0.062RussiaR
50%
0.046Saudi ArabiaS
50%
0.739SlovakiaS
50%
0.772United KingdomU
50%
0.770UruguayU
50%
0.691VanuatuV
50%
0.114VietnamV
50%
0.690ArgentinaA
40%
0.064AzerbaijanA
40%
0.755CanadaC
40%
0.047ChadC
40%
0.037ChinaC
40%
0.129EgyptE
40%
0.057Equatorial GuineaE
40%
0.410FijiF
40%
0.744IcelandI
40%
0.757ItalyI
40%
0.253JordanJ
40%
0.144KazakhstanK
40%
0.494KosovoK
40%
0.199KyrgyzstanK
40%
0.085QatarQ
40%
0.096RwandaR
40%
0.054SyriaS
40%
0.722TaiwanT
40%
0.078United Arab EmiratesU
40%
0.174ZimbabweZ
40%
0.121AlgeriaA
30%
0.054BahrainB
30%
0.434BotswanaB
30%
0.692BrazilB
30%
0.059BurundiB
30%
0.057CambodiaC
30%
0.100Central African RepublicC
30%
0.639CroatiaC
30%
0.058CubaC
30%
0.122DjiboutiD
30%
0.438Dominican RepublicD
30%
0.122D. R. CongoD
30%
0.507East TimorE
30%
0.111El SalvadorE
30%
0.094EswatiniE
30%
0.110EthiopiaE
30%
0.175GabonG
30%
0.088GuineaG
30%
0.394HondurasH
30%
0.325HungaryH
30%
0.275IndiaI
30%
0.360IndonesiaI
30%
0.082IranI
30%
0.634IsraelI
30%
0.253Ivory CoastI
30%
0.313KuwaitK
30%
0.095LaosL
30%
0.103LibyaL
30%
0.640MaltaM
30%
0.405MongoliaM
30%
0.282NigerN
30%
0.287PhilippinesP
30%
0.444PolandP
30%
0.119R. CongoR
30%
0.501RomaniaR
30%
0.653SloveniaS
30%
0.065South SudanS
30%
0.046SudanS
30%
0.390TanzaniaT
30%
0.249UkraineU
30%
0.081UzbekistanU
30%
0.424ZambiaZ
30%
0.402AlbaniaA
20%
0.173AngolaA
20%
0.422ArmeniaA
20%
0.096BangladeshB
20%
0.678BarbadosB
20%
0.325BeninB
20%
0.445BhutanB
20%
0.353BoliviaB
20%
0.346Bosnia and HerzegovinaB
20%
0.588BulgariaB
20%
0.182Burkina FasoB
20%
0.131CameroonC
20%
0.648Cape VerdeC
20%
0.786ChileC
20%
0.565ColombiaC
20%
0.106ComorosC
20%
0.636CyprusC
20%
0.467EcuadorE
20%
0.517GambiaG
20%
0.473GeorgiaG
20%
0.562GhanaG
20%
0.582GreeceG
20%
0.309GuatemalaG
20%
0.233Guinea BissauG
20%
0.332GuyanaG
20%
0.210IraqI
20%
0.456KenyaK
20%
0.237LebanonL
20%
0.503LesothoL
20%
0.436LiberiaL
20%
0.241MadagascarM
20%
0.485MalawiM
20%
0.359MalaysiaM
20%
0.453MaldivesM
20%
0.148MaliM
20%
0.184MauritaniaM
20%
0.360MauritiusM
20%
0.299MexicoM
20%
0.608MoldovaM
20%
0.467MontenegroM
20%
0.249MoroccoM
20%
0.221MozambiqueM
20%
0.519NamibiaN
20%
0.523NepalN
20%
0.327NigeriaN
20%
0.359North MacedoniaN
20%
0.212PakistanP
20%
0.571PanamaP
20%
0.383Papua New GuineaP
20%
0.426ParaguayP
20%
0.576PeruP
20%
0.563Sao Tome and PrincipeS
20%
0.459SenegalS
20%
0.253SerbiaS
20%
0.659SeychellesS
20%
0.384Sierra LeoneS
20%
0.331SingaporeS
20%
0.481Solomon IslandsS
20%
0.136SomaliaS
20%
0.584South AfricaS
20%
0.604South KoreaS
20%
0.757SpainS
20%
0.421Sri LankaS
20%
0.631SurinameS
20%
0.228ThailandT
20%
0.215TogoT
20%
0.635Trinidad and TobagoT
20%
0.301TunisiaT
20%
0.113TurkeyT
20%
0.217UgandaU
20%

Score Distribution

Percentile by Number Answered

Percent of People with Each Score

Your Score History

You have not taken this quiz since the last reset